000 00908nam a2200253Ia 4500
003 OSt
005 20220923223338.0
006 a|||||r|||| 00| 0
007 ta
008 220922b |||||||| |||| 00| 0 hin d
024 _a213,733
037 _cTextual
040 _aARTS
_cARTS
_bhin
041 _2hin
_ahin
082 _aO152,3M89:g(S), M9
100 _aदुवनीकर, एस एस
245 0 _aप्रसाद साहित्य का मनोविश्लेषणात्मक अध्ययन
246 _aPrasād sāhitya kā hinovishleṣhaṇātmak adhyayana
260 _aकानपुर
_b अलका प्रकाशन
_c1989
300 _a328 पृ.
_ccm.
650 _aहिन्दी साहित्य
_9156264
942 _hO152,3M89:g(S), M9
_cTEXL
_2CC
999 _c363941
_d363941